000 00590nam a2200229 i 4500
001 C2-0120586
003 PPAK
005 20180727112637.0
008 970812s1984 my |||| ||||| | may d
020 _a9679750027
040 _aPPAK
_beng
_cPPAK
_erda
082 0 4 _a297.1
_223
090 0 0 _a297.1
_bALB
_dG
100 1 _aAl-Banna, Hassan,
_eauthor
245 1 0 _aIkhwan Muslimin
264 1 _aKuala Lumpur :
_bPustaka Salam ,
_c1984
300 _a43 pages ;
_c19 cm
336 _2rdacontent
_atext
337 _2rdamedia
_aunmediated
338 _2rdacarrier
_avolume
942 _ddc
_cB
999 _c33888
_d33888